书目信息 |
| 题名: |
医镜正冠
|
|
| 作者: | 冷方南 编著 | |
| 分册: | ||
| 出版信息: | 北京 中国科学技术出版社 2019.08 |
|
| 页数: | 316页 | |
| 开本: | 24cm | |
| 丛书名: | ||
| 单 册: | ||
| 中图分类: | R249.1 | |
| 科图分类: | ||
| 主题词: | 中医临床--zhong yi lin chuang--误诊--医案--近代 | |
| 电子资源: | ||
| ISBN: | 978-7-5046-8253-6 | |
| 000 | 01184nam0 2200253 450 | |
| 001 | CAL 0120192866930 | |
| 005 | 20230217093111.0 | |
| 010 | @a978-7-5046-8253-6@dCNY45.00 | |
| 100 | @a20191022d2019 em y0chiy0120 ea | |
| 101 | 0 | @achi |
| 102 | @aCN@b110000 | |
| 105 | @ay a 000yy | |
| 106 | @ar | |
| 200 | 1 | @a医镜正冠@Ayi jing zheng guan@e近代名中医误诊挽治百案析@f冷方南编著 |
| 210 | @a北京@c中国科学技术出版社@d2019.08 | |
| 215 | @a316页@d24cm | |
| 320 | @a有书目 (第315-316页) | |
| 330 | @a本书是作者冷方南教授收集了近现代数十位有名的中医大家 (包括近代出书的少数清代名医) 挽治误诊患者的案例, 共计100例。每案皆按辨析评述、体会逐案加以研究。案例记述原案, 辨析评述以证候的辨析为主, 着重分析误诊的主要原因, 依据该案误诊的实例兼评论治体会, 提出应吸取的经验、教训或由此而引出的新见解。本书帮助读者拓展中医学临床思维, 找到中医临床工作者诊治疾病容易忽视的盲点, 有助于提高中医学临床能力。 | |
| 517 | 1 | @a近代名中医误诊挽治百案析@Ajin dai ming zhong yi wu zhen wan zhi bai an xi |
| 606 | 0 | @a中医临床@Azhong yi lin chuang@x误诊@x医案@z近代 |
| 690 | @aR249.1@v5 | |
| 701 | 0 | @a冷方南@Aleng fang nan@4编著 |
| 801 | 0 | @aCN@bBJXHZP@c20230222 |
| 905 | @b1393865-8@dR249.1@e615@f4 | |
| 医镜正冠:近代名中医误诊挽治百案析/冷方南编著.-北京:中国科学技术出版社,2019.08 |
| 316页;24cm |
| ISBN 978-7-5046-8253-6:CNY45.00 |
| 本书是作者冷方南教授收集了近现代数十位有名的中医大家 (包括近代出书的少数清代名医) 挽治误诊患者的案例, 共计100例。每案皆按辨析评述、体会逐案加以研究。案例记述原案, 辨析评述以证候的辨析为主, 着重分析误诊的主要原因, 依据该案误诊的实例兼评论治体会, 提出应吸取的经验、教训或由此而引出的新见解。本书帮助读者拓展中医学临床思维, 找到中医临床工作者诊治疾病容易忽视的盲点, 有助于提高中医学临床能力。 |
| ● |
| 相关链接 |
|
|
|
|
正题名:医镜正冠
索取号:R249.1/615
 
预约/预借
| 序号 | 登录号 | 条形码 | 馆藏地/架位号 | 状态 | 备注 |
| 1 | 1393865 | 213938658 | 第二样本阅览室/ [索取号:R249.1/615] | 在馆 | |
| 2 | 1393866 | 213938667 | 第三借阅区/ [索取号:R249.1/615] | 在馆 | |
| 3 | 1393867 | 213938676 | 第三借阅区/ [索取号:R249.1/615] | 在馆 | |
| 4 | 1393868 | 213938685 | 第三借阅区/ [索取号:R249.1/615] | 在馆 |